Normal view
MARC view
- P, DAVID F RICE PAUL
Entry Personal Name
001 - CONTROL NUMBER
- control field: 89096
003 - CONTROL NUMBER IDENTIFIER
- control field: NUST
005 - DATE AND TIME OF LATEST TRANSACTION
- control field: 20220217113824.0
008 - FIXED-LENGTH DATA ELEMENTS
- fixed length control field: 220217|| aca||aabn | a|a d
040 ## - CATALOGING SOURCE
- Original cataloging agency: NUST
- Transcribing agency: NUST
100 ## - HEADING--PERSONAL NAME
- Personal name: P, DAVID F RICE PAUL
670 ## - SOURCE DATA FOUND
- Source citation: Work cat.: (NUST): P, DAVID F RICE PAUL., STRUCTURAL DESIGN GUIDE TO THE ACI BUILDING CODE /, 1985.
